| 000 | 01567nam a2200373 a 4500 | ||
|---|---|---|---|
| 001 | BRL_1232 | ||
| 005 | 20190320211111.0 | ||
| 008 | 031213s1957----enkab#####---#000-0#eng-# | ||
| 041 | _aeng | ||
| 044 | _aenk | ||
| 050 | 4 |
_aE59.A7 _b.B55 1957 |
|
| 100 | 1 |
_aBliss, Robert Woods _d1875-1962 _926195 |
|
| 245 | 1 | 0 |
_aPre-Columbian Art _cText and Critical Analyses by S.K. Lothrop, W.F. Foshag, Joy Mahler. |
| 260 |
_aLondon _bPhaidon Press _c1957 |
||
| 300 |
_a285 p. _bil. (algunas a color), mapas _c34 cm. |
||
| 440 | 0 |
_aRobert Woods Bliss Collection _926196 |
|
| 500 | _aAu1431 | ||
| 500 | _aA la cabeza de la portada: Robert Woods Bliss Collection | ||
| 500 | _aCatálogo de la colección que ahora está en the National Gallery of Art | ||
| 600 | 1 | 4 |
_aBliss, Robert Woods _d1875-1962 _vCatálogos _xColecciones de arte _926197 |
| 600 | 1 | 4 |
_aLothrop, S. K. _d1892-1965 _q(Samuel Kirkland) _vCatálogos _xColecciones de arte _926198 |
| 650 | 1 | 4 |
_aArte indígena _vExposiciones _zMéxico _92095 |
| 650 | 1 | 4 |
_aArte indígena _vExposiciones _zAmérica Central _926199 |
| 650 | 1 | 4 |
_aArte indígena _vExposiciones _zLatinoamérica _926200 |
| 651 | 4 |
_aMéxico _vObras pictóricas _xAntigüedades _926201 |
|
| 651 | 4 |
_aAmérica Central _vObras pictóricas _xAntigüedades _926202 |
|
| 651 | 4 |
_aLatinoamerica _vObras pictóricas _xAntigüedades _926203 |
|
| 700 | 1 |
_aLothrop, S. K. _d1892-1965 _q(Samuel Kirkland), _926204 |
|
| 700 | 1 |
_aFoshag, W.F. _926205 |
|
| 700 | 1 |
_aMahler, Joy _926206 |
|
| 710 | 2 |
_aNational Gallery of Art (U.S.) _926207 |
|
| 902 | _aGRL | ||
| 942 |
_2lcc _cB |
||
| 999 |
_c10044 _d10044 |
||